000 00383nam a2200157 4500
008 250926b |||||||| |||| 00| 0 eng d
020 _a9789355512161
022 _a791.81 TYK
082 _a791.81 TYK
100 _aTykoski, Scott
245 _aMastering Game Design with Unity 2021
260 _aIndia
_bBPB Publisher
_c2023
300 _a517
650 _aB-Design
942 _cR
999 _c63848
_d63848